Affaires utiles pour aller en cours - Statistiques

Statistiques générales
  • Ce quiz a été pris 58 fois
  • Le résultat moyen est 6 sur 15
Statistiques - réponses
Réponse % Correct
Stylo
98%
Trousse
77%
Règle
65%
Cartable
56%
Cahiers
50%
Ciseaux
46%
Colle
42%
Équerre
40%
Calculatrice
37%
Surligneur
37%
Crayon à papier
31%
Gommes
25%
Blanco
17%
Pochettes
12%
Compat
2%
Aucun quiz correspondant
Distribution des résultats
% des personnes avec chaque résultat
Percentile par nombre de réponses
Votre historique - résultats
Vous n’avez pas pris ce quiz